| 000 | 01005nam a2200265 i 4500 | ||
|---|---|---|---|
| 001 | 64812 | ||
| 003 | ES-MaACL | ||
| 005 | 20251015063103.0 | ||
| 007 | t| | ||
| 008 | 040105s1920 fr ||||1| fre d | ||
| 080 | _a011(46) | ||
| 100 | 1 |
_aFoulché-Delbosc, Raymond, _d1864-1929 _951941 |
|
| 245 | 1 | 0 |
_aManuel de l'hispanisant / _cR. Foulche-Delbosc et L. Barrau-Dihigo. |
| 260 |
_aNew York : _bG.P. Putnam's Sons, _c1920. |
||
| 300 |
_a2 v. (533, 446 p.) ; _c23 cm. |
||
| 530 | _aDisponible en formato digital. | ||
| 596 | _aVol. 2 editado por The Hispanic Society of America. | ||
| 651 | 4 |
_aEspaña- _vBibliografías. _9149031 |
|
| 651 | 4 |
_aPortugal- _xBibliografías. _99248 |
|
| 700 | 1 |
_aBarrau-Dihigo, Louis ( _d1876-1931) _9162026 |
|
| 852 |
_aES-MaACL _jR-2777-78 _x Olim: A-734-5 _cDEPO2 _zRevisado enlace: 21 de julio de 2025 |
||
| 856 | 4 |
_uhttp://bdh-rd.bne.es/viewer.vm?id=0000192533&page=1 _yBiblioteca Digital Hispánica |
|
| 942 | _2udc | ||
| 999 |
_c64812 _d64812 |
||